NBA QUIZ #1 - Statistics

General Stats
  • This quiz has been taken 21 times
  • The average score is 4 of 8
Answer Stats
Hint Answer % Correct
100 point scorer chamberlain
82%
Highest average PPG career jordan
82%
#2 2017 nba draft ball
71%
college of Ben Simmons LSU
59%
6 mvps abdul-jabbar
53%
pick 1 spot ahead of jordan bowie
41%
pick 2 spots over jordan olajuwon
29%
#1 pick 1998 olowakandi
0%
No matching quizzes found
Score Distribution
Percent of People with Each Score
Percentile by Number Answered
Your Score History
You have not taken this quiz